| 000 | 00740cab a2200253 4500 | ||
|---|---|---|---|
| 001 | ABS58358 | ||
| 008 | 090401t1998 xxu||||| |||| 00| 0 eng d | ||
| 035 | _a(Sirsi) u84285 | ||
| 041 | _aeng | ||
| 100 | _aWhite, G. | ||
| 245 | _aTrying to get a grip on the gazumpers | ||
| 260 | _c1998 | ||
| 350 | _a0 | ||
| 490 |
_aProperty Week _v61(6) 13 February 1998, 26-27(2) |
||
| 520 | _aArgues the case for and against exclusivity agreements from the point of view of the buyer and the seller. | ||
| 650 | _aEXCLUSIVITY AGREEMENTS | ||
| 650 | _aGAZUMPING | ||
| 650 | _aLOCK-OUT AGREEMENTS | ||
| 650 | _aPROPERTY TRANSACTIONS | ||
| 690 | _aPROPERTY LAW AND PRACTICE | ||
| 700 | _aVivian, J. | ||
| 942 | _n0 | ||
| 948 | _c17/02/1998 | ||
| 999 |
_c52959 _d52959 |
||